Greece and Turkey : economic and geopolitical perspectives
Αποθηκεύτηκε σε:
| Κύριος συγγραφέας: | |
|---|---|
| Μορφή: | Βιβλίο |
| Γλώσσα: | English |
| Δημοσίευση: |
New York :
Praeger,
1988
|
| Θέματα: | |
| Ετικέτες: |
Προσθήκη ετικέτας
Δεν υπάρχουν, Καταχωρήστε ετικέτα πρώτοι!
|
MARC
| LEADER | 00000nam a2200000 i 4500 | ||
|---|---|---|---|
| 001 | 1/24739 | ||
| 008 | 981202s1988 eng d | ||
| 020 | |a 0-275-93025-4 | ||
| 035 | |l 10037162 | ||
| 040 | |a GR-MY-UA |b gre |e aacr | ||
| 041 | 0 | |a eng | |
| 082 | 0 | |a 330.9495076 | |
| 100 | 1 | |a Γιάνναρης, Νικόλαος Β. | |
| 245 | 1 | 0 | |a Greece and Turkey : |b economic and geopolitical perspectives / |c Nicholas V. Gianaris |
| 260 | |a New York : |b Praeger, |c 1988 | ||
| 300 | |a 204 p. | ||
| 504 | |a Includes bibliographical references and index | ||
| 651 | 0 | |a Greece |x Economic conditions |y 1974- | |
| 651 | 0 | |a Turkey |x Economic conditions |y 1960- | |
| 651 | 0 | |a Greece |x Foreign economic relations. | |
| 852 | |a INST |b LESVOS |e 19981202 |h 330.9495076 ΓΙΑ |p 005100017784 |q 005100017784 |t BK |y 0 | ||
| 901 | |a BIBL-1999-1 | ||
| 909 | |a Λ |b 060375 | ||
| 922 | |a 1ΕΛΗ |b 199810 |c ΚΠΣ/ΤΓ |d ΠΑΠΑΣΩΤΗΡΙΟΥ | ||
| 950 | |a 118-1998-07-18 | ||